000 01383cam a2200301 a 4500
001 13654928
003 OSt
005 20180117090007.0
008 040714s2004 dcuab b 001 0 eng
010 _a 2004016553
020 _a0815715021 (cloth : alk. paper)
040 _aDLC
_cDLC
_dDLC
043 _aa-pk---
050 0 0 _aDS376.9
_b.C63 2004
082 0 0 _a954.91
_222
100 1 _aCohen, Stephen P.,
_d1936-
245 1 4 _aThe idea of Pakistan /
_cStephen Philip Cohen.
260 _aIndia
_bOxford university Press,
_cc2004.
300 _aix, 382 p. :
_bill., maps ;
_c24 cm.
504 _aIncludes bibliographical references and index.
505 0 _aThe idea of Pakistan -- The state of Pakistan -- The army's Pakistan -- Political Pakistan -- Islamic Pakistan -- Regionalism and separatism -- Demographic, educational, and economic prospects -- Pakistan's futures -- American options.
651 0 _aPakistan.
856 4 1 _3Table of contents
_uhttp://www.loc.gov/catdir/toc/ecip0420/2004016553.html
906 _a7
_bcbc
_corignew
_d1
_eecip
_f20
_gy-gencatlg
942 _2ddc
_cBK
999 _c3501
_d3501